00572 a2200181 4500010001400000020002300014035001300037037001800050082001100068100002000079245008000099260004900179270008400228300002900312500002000341700002300361710000600384 aENG-85138 a8131301842c795.00 aEN-68671 bD.B.Act / Pub14a647.941 aBanerjee, Anita1 aHouse keeping management in hotelscby Anita Banerjee and B. K. Chakravarti aNew DelhibAPH Publishing Corporatioonc2007 a5, Ansari Road, Darya GanjbNew Delhie110 002maphbooks@vsnl.netk011 23274050 axii, 318 p.b22cm. (Hb) aIncludes index aChakravarti, B. K. a.